• 首页
  • 本馆介绍
  • 公告通知
  • 最新文献
  • 馆藏检索
  • 电子资源
  • 读者导购
  • 参考咨询
  • 我的图书馆
  • 登录
  • 详细信息显示
  • 放入我的书架
  • 预约/预借图书
  • 作者相关作品
  • 分类相关作品
  • 丛书相关作品
  • 出版社相关作品

书目信息

  • 表格格式
  • 工作单格式
  • 卡片格式
题名:
什么是历史唯物主义
    
 
作者: 李程程 编著
分册:  
出版信息: 北京   中华工商联合出版社  2014
页数: 156页
开本: 22cm
丛书名:
单 册:
中图分类: B03
科图分类:
主题词: 历史唯物主义
电子资源:
ISBN: 978-7-80249-981-2
000 00703nam0 2200217 450
001 2353489112
005 20231129001955.50
010    @a978-7-80249-981-2@dCNY38.00
100    @a20151126d2014 em y0chiy50 ea
101 0  @achi
102    @aCN@b110000
105    @ay z 000yy
200 1  @a什么是历史唯物主义@Ashen me shi li shi wei wu zhu yi@f李程程编著
210    @a北京@c中华工商联合出版社@d2014
215    @a156页@d22cm
330    @a本书内容包括:历史唯物主义的提出与确立、历史唯物主义的主要观点、历史唯物主义的历史意义、历史唯物主义的当代价值等。
606 0  @a历史唯物主义
690    @aB03@v5
701  0 @a李程程@Ali cheng cheng@4编著
801  0 @aCN@b91MARC@c20151126
905    @aZUCC@dB03@e3
    
    什么是历史唯物主义/李程程编著.-北京:中华工商联合出版社,2014
    156页;22cm
    
    
    ISBN 978-7-80249-981-2:CNY38.00
    本书内容包括:历史唯物主义的提出与确立、历史唯物主义的主要观点、历史唯物主义的历史意义、历史唯物主义的当代价值等。
●
相关链接 在五车中查询图书 在当当中查询图书 在豆瓣中查询图书


正题名:什么是历史唯物主义     索取号:B03/3         预约/预借

序号 登录号 条形码 馆藏地/架位号 状态 备注
1 2001005634   2001005634   职兴社界别同心会/四1架A面4层2列/ [索取号:B03/3] 在馆    
2 2001005635   2001005635   职兴社界别同心会/四1架A面4层2列/ [索取号:B03/3] 在馆    
3 2001005636   2001005636   职兴社界别同心会/四1架A面4层2列/ [索取号:B03/3] 在馆    
4 2001005637   2001005637   第四书库/四1架A面4层2列/ [索取号:B03/3] 在馆    
5 2001005638   2001005638   第四书库/四1架A面4层2列/ [索取号:B03/3] 在馆    
6 2001005639   2001005639   第四书库/四1架A面4层2列/ [索取号:B03/3] 在馆    
山东省滨州职业学院图书馆 欢迎您!
大连网信软件有限公司© 版权所有